| 000 | 00604nam a2200205Ia 4500 | ||
|---|---|---|---|
| 003 | GCL | ||
| 008 | 140319s9999 xx 000 0 eng d | ||
| 040 |
_aGCL / _cGCL |
||
| 082 | 0 | 4 |
_a941 _bC O |
| 100 | 1 | _aCANNON, JOHN | |
| 245 | 1 | 0 |
_aTHE OXFORD ILLUSTRATED HISTORY OF THE BRITISH MONARCHY / _cCANNON, JOHN |
| 700 | 1 | _aGRIFFITHS, RALPH | |
| 260 |
_a[S.N] : _bOXFORD UNIVERSITY PRESS ، _c1996 |
||
| 300 | _a727 P | ||
| 650 | 0 | 4 | _aGREAT BRITAIN - SOCIAL CONDITION |
| 650 | 0 | 4 | _aGREAT BRITAIN - HISTORY |
| 650 | 0 | 4 | _aMONARCHY - GREAT BRITISH |
| 650 | 0 | 4 | _aGREAT BRITAIN - POLITICS |
| 942 |
_2ddc _cBK |
||
| 999 |
_c14128 _d14128 |
||